000 01325nmc a2200385 a 4500
003 AR-BaBNM
005 20251128204152.0
008 011101s1990 ||||||||||||||000 | spa||
020 _a950-582-299-5
040 _cAR-BaBNM
100 1 _aGiraudo, Esther Doris
245 1 0 _aCondiciones y medio ambiente de trabajo [CYMAT]
_bmanual de apoyo didáctico : guía para la capacitación
260 _aBuenos Aires
_bHumanitas
_bSECYT
_c1990
300 0 _a154 p.
_bgráfs., tablas
490 0 _aCiencias sociales del trabajo
500 0 _aCYMAT: CONDICIONES Y MEDIO AMBIENTE DE TRABAJO
500 0 _aSECYT: AREA DE ESTUDIO E INVESTIGACION EN CIENCIAS SOCIALES DEL TRABAJO
504 _aContiene: bibliografía y cuadros sinópticos
650 4 _aEDUCACION Y EMPLEO
650 4 _aCONDICIONES DE TRABAJO
650 4 _aMATERIALES DE APOYO
650 4 _aFORMACION PROFESIONAL
650 4 _aMATERIAL DIDACTICO
650 4 _aGUIA DEL DOCENTE
650 4 _aAMBIENTE LABORAL
650 4 _aHIGIENE DEL TRABAJO
650 4 _aSEGURIDAD EN EL TRABAJO
650 4 _aMEDICINA DEL TRABAJO
650 4 _aSALUD
650 4 _aTRABAJO SOCIAL
700 1 _aNeffa, Julio César
710 2 _aUniversidad Tecnológica Nacional [Argentina]
_bFacultad Regional General Pacheco
_bGrupo CyMAT
942 _cBK
998 _cSILVI
999 _c6458
_d6458